[Event "Transcontinental C"]
[Site "Montreal"]
[Date "2016.12.09"]
[Round "1"]
[White "Sonn, Eric"]
[Black "Richard, Leo"]
[Result "1/2-1/2"]
[WhiteElo "1565"]
[BlackElo "1578"]
[EventDate "2016.12.09"]

1.e4 c5 2.Nf3 Nc6 3.d4 cxd4 4.Nxd4 g6 5.Nc3 Bg7 6.Be3 Nf6 7.Be2 O-O 8.O-O 
d6 9.h4 h5 10.Rb1 Bd7 11.Qd2 a6 12.a4 Rc8 13.Rfd1 Nxd4 14.Bxd4 Qa5 15.Nd5 
Qxd2 16.Nxe7+ Kh7 17.Rxd2 Rce8 18.Bxf6 Bxf6 19.Nd5 Bxh4 20.Bf3 Bxa4 21.Nb6
Bc6 22.Rxd6 Bxe4 23.Bxe4 Rxe4 24.g3 Bd8 25.Nd7 Rfe8 26.Nf6+ Bxf6 27.Rxf6 
R8e7 28.Kg2 Kg7 29.Rb6 Rd4 30.b4 Rd2 31.c4 Rc2 32.c5 Rc7 33.Rb3 Kh6 34.Rf3
Rb2 35.Ra3 Kg5 36.Rf3 Rb1 37.Rd3 Rb2 1/2-1/2

[Event "Transcontinental C"]
[Site "Montreal"]
[Date "2016.12.09"]
[Round "1"]
[White "Campion, Jean-Pierre"]
[Black "Nica, Ion"]
[Result "0-1"]
[WhiteElo "1579"]
[BlackElo "1651"]
[EventDate "2016.12.09"]

1.g3 d5 2.Bg2 Nf6 3.f4 Bf5 4.Nf3 e6 5.d3 Bc5 6.e3 Nbd7 7.Qe2 c6 8.Nc3 Qb6 
9.h3 h6 10.a3 Bh7 11.O-O Bd6 12.Kh2 Qc7 13.e4 dxe4 14.dxe4 e5 15.f5 g6 16.
Nh4 g5 17.Nf3 g4 18.Nd2 gxh3 19.Bxh3 h5 20.Nc4 Be7 21.b4 Rg8 22.Ne3 a6 23.
Qc4 Nb6 24.Qb3 Ng4+ 25.Bxg4 hxg4 26.f6 Bd6 27.Nf5 Bxf5 28.Rxf5 O-O-O 29.
Rg5 Rxg5 30.Bxg5 Rg8 31.Be3 Nd7 32.Qxf7 Rf8 33.Qg7 Nxf6 34.Qxc7+ Kxc7 35.
Bg5 Nh7 36.Be3 Rf3 37.Re1 Nf6 38.Bd2 Rf2+ 39.Kg1 Rxd2 40.Rf1 Be7 41.Nd1 
Nxe4 42.Ne3 Nxg3 43.Rf7 Kd7 44.Nc4 Rxc2 45.Ne3 Rc3 46.Nxg4 Ke6 47.Rg7 Rxa3
48.Nxe5 Nf5 49.Nc4 Ra1+ 50.Kg2 Nxg7 0-1

[Event "Transcontinental C"]
[Site "Montreal"]
[Date "2016.12.10"]
[Round "2"]
[White "Sonn, Eric"]
[Black "Bedard, Michel"]
[Result "1/2-1/2"]
[WhiteElo "1565"]
[BlackElo "1584"]
[EventDate "2016.12.09"]

1.e4 e5 2.Nf3 Nf6 3.Nxe5 d6 4.Nf3 Nxe4 5.d4 d5 6.Bd3 Be7 7.c4 c6 8.Nc3 
Nxc3 9.bxc3 O-O 10.h3 Nd7 11.O-O Bf6 12.Bf4 dxc4 13.Bxc4 Nb6 14.Bb3 Nd5 
15.Qd2 Qa5 16.c4 Qxd2 17.Bxd2 Nb6 18.Bg5 Bxg5 19.Nxg5 h6 20.Ne4 Rd8 21.
Rfd1 Be6 22.Rac1 Rab8 23.Nc5 Kf8 24.Rc3 Nd7 25.Nxe6+ fxe6 26.d5 exd5 27.
cxd5 cxd5 28.Rxd5 Nf6 29.Rf5 Rbc8 30.Rcf3 Rd4 31.g4 b6 32.Kg2 Rcd8 33.Rc3 
Rd3 34.Rc7 R3d7 35.Rxd7 Rxd7 36.Kg3 Ke7 37.Re5+ Kf8 38.f3 Re7 39.Rf5 Ke8 
40.Kf4 Nd7 41.Ba4 Kd8 42.Rd5 Rf7+ 43.Ke4 Kc7 44.Rxd7+ Rxd7 45.Bxd7 Kxd7 
46.Kd5 g5 47.Ke5 Ke7 48.Kf5 Kf7 49.f4 gxf4 50.Kxf4 Kf6 51.h4 a6 52.g5+ 
hxg5+ 53.hxg5+ Kg6 54.Ke5 Kxg5 55.Kd5 Kf6 56.Kc6 b5 57.Kb6 Ke6 58.Kxa6 b4 
59.Kb5 Kd6 60.Kxb4 Kc6 61.Ka5 Kb7 62.Kb5 Ka7 63.a3 Kb7 64.a4 Ka7 65.a5 Kb7
66.a6+ Ka7 67.Ka5 Ka8 68.Kb6 Kb8 1/2-1/2

[Event "Transcontinental C"]
[Site "Montreal"]
[Date "2016.12.10"]
[Round "2"]
[White "Baran, Marius"]
[Black "Campion, Jean-Pierre"]
[Result "0-1"]
[WhiteElo "1707"]
[BlackElo "1579"]
[EventDate "2016.12.09"]

1.e4 Nf6 2.e5 Nd5 3.d4 Nb6 4.f4 d6 5.Bd3 g6 6.Nf3 Bg7 7.Be3 Nd5 8.Bd2 c5 
9.c4 Nc7 10.Bc3 cxd4 11.Bxd4 Nc6 12.Bc3 Ne6 13.Qd2 dxe5 14.fxe5 Qb6 15.Qf2
Qxf2+ 16.Kxf2 Nc5 17.Bc2 Be6 18.Nbd2 Rd8 19.Rhe1 Nd3+ 20.Bxd3 Rxd3 21.Re3 
Rxe3 22.Kxe3 O-O 23.b4 Rd8 24.b5 Nb8 25.Bb4 Kf8 26.Rc1 Nd7 27.Bc3 Bh6+ 28.
Ke2 Bxc4+ 29.Ke1 Nc5 30.Rc2 Nd3+ 31.Kd1 Bxb5 32.Nd4 Ba4 33.N4b3 Bg7 34.Ke2
Nxe5 35.Ne4 Bb5+ 36.Kf2 Bc6 37.Ng5 h6 38.Nf3 Nxf3 39.gxf3 Rd3 40.Bxg7+ 
Kxg7 41.Nd2 e5 42.Ne4 f5 43.Nd2 Kf6 44.h4 Rd4 45.Kg3 Rd3 46.Kf2 g5 47.
hxg5+ hxg5 48.Ke2 Rd4 49.Rc5 e4 50.fxe4 Bxe4 51.Nxe4+ Rxe4+ 52.Kf2 Ra4 53.
Rc2 Ra3 54.Rb2 b6 55.Kg2 g4 56.Kf2 Kg5 57.Kg2 f4 58.Kf2 g3+ 59.Kg2 Kg4 60.
Kg1 Kf3 61.Kf1 Rc3 0-1

[Event "Transcontinental C"]
[Site "Montreal"]
[Date "2016.12.10"]
[Round "2"]
[White "Richard, Leo"]
[Black "Nica, Ion"]
[Result "1/2-1/2"]
[WhiteElo "1578"]
[BlackElo "1651"]
[EventDate "2016.12.09"]

1.e4 b6 2.d4 Bb7 3.Bd3 e6 4.Nf3 d5 5.e5 c5 6.c3 cxd4 7.cxd4 Bb4+ 8.Nc3 Nd7
9.Bd2 f6 10.O-O fxe5 11.dxe5 Ne7 12.a3 Bxc3 13.Bxc3 Nc5 14.b4 Nxd3 15.Qxd3
Nf5 1/2-1/2

[Event "Transcontinental C"]
[Site "Montreal"]
[Date "2016.12.10"]
[Round "3"]
[White "Nica, Ion"]
[Black "Baran, Marius"]
[Result "1/2-1/2"]
[WhiteElo "1651"]
[BlackElo "1707"]
[EventDate "2016.12.09"]

1.e4 c5 2.Nc3 Nc6 3.f4 g6 4.Nf3 Bg7 5.Bc4 e6 6.f5 Nge7 7.d3 d5 8.Bb5 a6 9.
Bxc6+ Nxc6 10.fxe6 Bxe6 11.Nxd5 Bxd5 12.exd5 Qxd5 13.O-O O-O 14.a4 Rad8 
15.Nd2 Ne5 16.Ne4 f5 17.Nc3 Qd4+ 18.Kh1 c4 19.Bg5 Rd7 20.dxc4 Qxc4 21.Qc1 
Rc8 22.Rd1 Rcc7 23.Qf4 Qxf4 24.Bxf4 Rxd1+ 25.Rxd1 Rd7 26.Rxd7 Nxd7 27.Nd1 
Nc5 28.b3 Ne4 29.Kg1 Kf7 30.Kf1 g5 31.Bc1 f4 32.Bb2 Bf8 33.Ke2 Ke6 34.Nf2 
Nxf2 35.Kxf2 b5 36.axb5 axb5 37.Kf3 Kf5 38.h3 h5 39.g4+ fxg3 40.Kxg3 Bd6+ 
41.Kf3 Be5 42.Bc1 Bc3 43.Be3 g4+ 44.hxg4+ hxg4+ 45.Kg3 Be1+ 46.Kg2 Ke4 47.
Bg1 Bd2 48.Kg3 Kf5 49.Bb6 Be1+ 50.Kg2 Bc3 51.Kg3 Be5+ 52.Kg2 Ke4 53.c4 
bxc4 54.bxc4 Bf4 55.Bf2 Be5 56.Bg3 1/2-1/2

[Event "Transcontinental C"]
[Site "Montreal"]
[Date "2016.12.10"]
[Round "3"]
[White "Campion, Jean-Pierre"]
[Black "Sonn, Eric"]
[Result "1-0"]
[WhiteElo "1579"]
[BlackElo "1565"]
[EventDate "2016.12.09"]

1.e4 c5 2.Nc3 Nc6 3.f4 e6 4.Nf3 Nge7 5.Bb5 Qb6 6.a4 g6 7.e5 d5 8.exd6 Nf5 
9.a5 Qd8 10.Bxc6+ bxc6 11.Ne4 Nxd6 12.Nxc5 Nc4 13.d4 Nxa5 14.O-O Bg7 15.
Ne5 O-O 16.Be3 f6 17.Nf3 Nc4 18.Qe2 Nxe3 19.Qxe3 Re8 20.Rfe1 Qd5 21.b3 Bf8
22.c4 Qf5 23.Ne4 Bd7 24.Ng3 Qg4 25.Kf2 e5 26.dxe5 Bb4 27.Red1 a5 28.c5 
Rab8 29.Ne4 Rf8 30.Nxf6+ Rxf6 31.exf6 Bf5 32.Qe7 Rf8 33.Qg7# 1-0

[Event "Transcontinental C"]
[Site "Montreal"]
[Date "2016.12.11"]
[Round "3"]
[White "Bedard, Michel"]
[Black "Richard, Leo"]
[Result "1-0"]
[WhiteElo "1584"]
[BlackElo "1578"]
[EventDate "2016.12.09"]

1.f4 d5 2.Nf3 c5 3.b3 Nc6 4.e3 Nf6 5.Bb2 Bg4 6.Be2 e6 7.O-O Be7 8.d4 O-O 
9.Ne5 Bxe2 10.Qxe2 Qb6 11.c3 Rfd8 12.Nd2 Rac8 13.g4 cxd4 14.exd4 Nd7 15.
Ndf3 Ncxe5 16.Nxe5 Nxe5 17.fxe5 f6 18.Rae1 Rc6 19.Kh1 Rf8 20.exf6 Rxf6 21.
g5 Rxf1+ 22.Rxf1 Qd8 23.Qf3 Qe8 24.Bc1 Qf8 25.Qe2 Qd8 26.h4 Qe8 27.Bd2 Bd6
28.Qg4 Rc7 29.Re1 Re7 30.c4 e5 31.cxd5 exd4 32.Rxe7 Qxe7 33.Qxd4 Qe2 34.
Kg1 Qd1+ 35.Kf2 Qc2 36.Ke2 Qxa2 37.Qe3 Qa6+ 38.Kf2 Qb5 39.Qe6+ 1-0

[Event "Transcontinental C"]
[Site "Montreal"]
[Date "2016.12.11"]
[Round "4"]
[White "Bedard, Michel"]
[Black "Campion, Jean-Pierre"]
[Result "0-1"]
[WhiteElo "1584"]
[BlackElo "1579"]
[EventDate "2016.12.09"]

1.f4 b6 2.e4 Bb7 3.d3 g6 4.Nf3 Bg7 5.Be2 Nh6 6.O-O f5 7.e5 c5 8.Ng5 Nf7 9.
Nxf7 Kxf7 10.c3 d5 11.Nd2 Na6 12.Nf3 h6 13.d4 Nc7 14.Be3 c4 15.b3 b5 16.
bxc4 dxc4 17.Qc2 Be4 18.Qd2 e6 19.Ne1 Bf8 20.Bf3 Bd5 21.Nc2 Bxf3 22.Rxf3 
Nd5 23.Rff1 a5 24.a3 Be7 25.Rfb1 Qd7 26.Rb2 b4 27.axb4 axb4 28.Rxa8 Rxa8 
29.Nxb4 Bxb4 30.Rxb4 Nxb4 31.cxb4 Ra1+ 32.Kf2 Qa4 33.Qc3 Ra2+ 34.Bd2 Rc2 
35.Qe3 c3 36.d5 Rxd2+ 37.Kg3 Rxd5 38.Qxc3 Qd7 39.Qc1 Rd3+ 40.Kf2 Qd4+ 0-1

[Event "Transcontinental C"]
[Site "Montreal"]
[Date "2016.12.11"]
[Round "4"]
[White "Richard, Leo"]
[Black "Baran, Marius"]
[Result "0-1"]
[WhiteElo "1578"]
[BlackElo "1707"]
[EventDate "2016.12.09"]

1.e4 c5 2.Nf3 d6 3.d4 cxd4 4.Nxd4 Nf6 5.Nc3 a6 6.Be3 e5 7.Nb3 Be6 8.f3 d5 
9.exd5 Nxd5 10.Nxd5 Qxd5 11.Qxd5 Bxd5 12.O-O-O Bc6 13.Na5 Bb4 14.Nc4 Nd7 
15.a3 Be7 16.Bd3 g6 17.Na5 Rc8 18.Nxc6 Rxc6 19.g4 Nc5 20.Rhe1 Nxd3+ 21.
Rxd3 Rd6 22.Rxd6 Bxd6 23.Bd4 f6 24.f4 Kd7 25.fxe5 fxe5 26.Bxe5 Re8 27.Bg3 
Rxe1+ 28.Bxe1 Bxh2 29.Kd2 Be5 30.b3 b5 31.Kd3 Kc6 32.Ke4 Bd6 33.b4 Bh2 34.
Bh4 Kd6 35.Bf6 Ke6 36.Bd4 Bg3 37.Bb2 Be1 38.Kf4 Bd2+ 39.Ke4 h5 40.gxh5 
gxh5 41.Kf3 Kf5 42.Kg3 Bg5 43.a4 Be7 44.axb5 axb5 45.Bc3 Ke4 46.Bb2 Bxb4 
47.Kh4 Ke3 48.Kxh5 Kd2 49.Be5 Kxc2 50.Kg5 Bc5 51.Kf4 b4 52.Ke4 b3 53.Kd5 
Ba3 54.Kc4 Bb2 55.Bd6 Bf6 56.Ba3 Bg7 57.Kb5 Kd3 58.Ka4 Kc4 59.Bc1 Kc3 60.
Ba3 Bf6 61.Bc1 Be7 62.Bf4 Bf6 63.Bc1 Kc2 64.Ba3 Be7 65.Bc1 Bf6 66.Ba3 Bb2 
67.Bc5 Bc1 68.Bd4 Bd2 69.Bf6 Bc3 0-1

[Event "Transcontinental C"]
[Site "Montreal"]
[Date "2016.12.11"]
[Round "4"]
[White "Sonn, Eric"]
[Black "Nica, Ion"]
[Result "0-1"]
[WhiteElo "1565"]
[BlackElo "1651"]
[EventDate "2016.12.09"]

1.d4 Nf6 2.Bf4 d5 3.e3 c5 4.c3 Qb6 5.Qc1 cxd4 6.exd4 Bf5 7.Nf3 Nc6 8.Nbd2 
Rc8 9.a3 e6 10.Nh4 Nxd4 11.Nxf5 Nxf5 12.Be2 h6 13.O-O Bd6 14.Bxd6 Nxd6 15.
Nf3 O-O 16.Ne5 Nc4 17.Bxc4 dxc4 18.Rb1 Qc7 19.Re1 Nd7 20.Qe3 Nxe5 21.Qxe5 
Qxe5 22.Rxe5 Rfd8 23.Rbe1 Rd2 24.Rb5 b6 25.b3 Ra2 0-1

[Event "Transcontinental C"]
[Site "Montreal"]
[Date "2016.12.11"]
[Round "5"]
[White "Nica, Ion"]
[Black "Bedard, Michel"]
[Result "0-1"]
[WhiteElo "1651"]
[BlackElo "1584"]
[EventDate "2016.12.09"]

1.d4 d5 2.e4 dxe4 3.Nc3 c6 4.Nxe4 Nf6 5.Nxf6+ exf6 6.Nf3 Bg4 7.Be2 Bd6 8.
O-O O-O 9.h3 Bh5 10.Re1 Re8 11.Be3 Nd7 12.Nh4 Bxe2 13.Rxe2 g6 14.Qd2 f5 
15.Nxf5 gxf5 16.Rae1 Qf6 17.Bg5 Rxe2 18.Rxe2 Qg6 19.h4 Nf6 20.Qe1 Ne4 21.
Bc1 Rf8 22.c4 h6 23.c5 Bb8 24.b4 Kh7 25.f3 Bg3 26.Qf1 Nf6 27.Re7 Qh5 28.
Qd3 Kg7 29.Rxb7 Re8 30.Bd2 Qxh4 31.Be3 Qh2+ 32.Kf1 Qh1+ 0-1

[Event "Transcontinental C"]
[Site "Montreal"]
[Date "2016.12.11"]
[Round "5"]
[White "Campion, Jean-Pierre"]
[Black "Richard, Leo"]
[Result "0-1"]
[WhiteElo "1579"]
[BlackElo "1578"]
[EventDate "2016.12.09"]

1.b3 e5 2.Bb2 Nc6 3.e3 d6 4.g3 f5 5.Bg2 Nf6 6.Nh3 Be7 7.f4 O-O 8.Qe2 h6 9.
d3 Be6 10.Nd2 e4 11.dxe4 fxe4 12.Nf2 d5 13.O-O Nb4 14.c3 Na6 15.c4 c6 16.
Rfd1 Qb6 17.cxd5 cxd5 18.Bd4 Bc5 19.Bxc5 Nxc5 20.Rac1 Rac8 21.Nb1 Nd3 22.
Nxd3 Bg4 23.Bf3 Bxf3 24.Qd2 Bxd1 25.Ne5 Rxc1 26.Qxc1 Bh5 27.h3 Be8 28.Nc3 
Qc5 29.Qd2 Bc6 30.Ne2 Nd7 31.b4 Qd6 32.Ng4 Bb5 33.Nd4 Bc4 34.a4 Bd3 35.Qc3
Nb8 36.b5 Nd7 37.Kg2 Nb6 38.f5 Nc4 39.f6 Rxf6 40.Nxf6+ Qxf6 41.Qc1 Qb6 42.
Qc3 Qa5 43.Qa1 Qd2+ 44.Kh1 Qxe3 45.Ne6 Qxg3 0-1

[Event "Transcontinental D"]
[Site "Montreal"]
[Date "2016.12.09"]
[Round "1"]
[White "Laforest, Claude"]
[Black "Raduica, Gheorghe"]
[Result "0-1"]
[WhiteElo "1463"]
[BlackElo "1418"]
[EventDate "2016.12.09"]

1.d4 Nf6 2.c4 d6 3.Nc3 a6 4.Bg5 e6 5.e4 Be7 6.Nf3 h6 7.Bh4 Nbd7 8.Bd3 e5 
9.d5 Nb6 10.h3 Nfxd5 11.Nxd5 Nxd5 12.cxd5 Bxh4 13.Rc1 Be7 14.Qc2 c6 15.
dxc6 bxc6 16.Qxc6+ Bd7 17.Qc2 Rc8 18.Qd1 Rxc1 19.Qxc1 Qa5+ 20.Nd2 Bg5 21.
Qc3 Bxd2+ 22.Kxd2 Qxc3+ 23.bxc3 a5 24.Rb1 Ke7 25.Rb7 Rd8 26.Bb5 Ke6 27.c4 
a4 28.Kc3 Bxb5 29.Rxb5 Ra8 30.Kb4 f5 31.f3 fxe4 32.fxe4 Ra7 33.Rd5 Rf7 34.
Rd2 Ra7 35.h4 h5 36.a3 Rc7 37.Rd5 Rf7 38.g3 Rf3 39.Kxa4 Rxg3 40.Kb4 Rg4 
41.a4 Rxe4 42.a5 Rxh4 43.a6 Rf4 44.a7 Rf8 45.Ra5 Ra8 46.Kb5 Kd7 47.Kb6 g5 
48.Kb7 Rxa7+ 49.Rxa7 h4 50.Kb6+ Ke6 51.c5 dxc5 52.Kxc5 g4 53.Ra4 Kf5 54.
Ra8 g3 55.Rf8+ Kg4 56.Kd5 h3 57.Kxe5 h2 58.Rh8 Kf3 59.Rh7 g2 60.Rxh2 g1=Q 
0-1

[Event "Transcontinental D"]
[Site "Montreal"]
[Date "2016.12.09"]
[Round "1"]
[White "Hebert, Mario"]
[Black "Poulin, Simon"]
[Result "1-0"]
[WhiteElo "1473"]
[BlackElo "1420"]
[EventDate "2016.12.09"]

1.c4 Nf6 2.Nc3 e6 3.Nf3 Nc6 4.e4 d6 5.d4 Be7 6.Bd3 b6 7.d5 exd5 8.exd5 Ne5
9.Nxe5 dxe5 10.O-O O-O 11.Re1 Bd6 12.Bg5 Re8 13.Ne4 Be7 14.Bxf6 Bxf6 15.
Qh5 g6 16.Qf3 Bg7 17.Qe2 Bb7 18.f3 f5 19.Ng3 f4 20.Ne4 Bc8 21.Rad1 Bf5 22.
Bc2 Bxe4 23.Bxe4 Qd6 24.g3 Qc5+ 25.Kh1 Rad8 26.b4 Qd6 27.Qc2 Rd7 28.Rd3 
Qf6 29.Red1 Red8 30.c5 1-0

[Event "Transcontinental D"]
[Site "Montreal"]
[Date "2016.12.10"]
[Round "3"]
[White "Raduica, Gheorghe"]
[Black "Poulin, Simon"]
[Result "1-0"]
[WhiteElo "1418"]
[BlackElo "1420"]
[EventDate "2016.12.09"]

1.d4 Nf6 2.Nc3 e6 3.e4 Bb4 4.Bd3 d6 5.a3 Bxc3+ 6.bxc3 Nbd7 7.Bg5 b6 8.Nf3 
Bb7 9.O-O O-O 10.h3 Rc8 11.a4 c5 12.Re1 cxd4 13.cxd4 Qc7 14.Qd2 h6 15.Bf4 
Rfe8 16.e5 dxe5 17.Bxe5 Qc3 18.Qxc3 Rxc3 19.Nd2 Rec8 20.a5 Bd5 21.axb6 
axb6 22.Bd6 Rxc2 23.Bxc2 Rxc2 24.Nf3 Bxf3 25.gxf3 Nd5 26.Ra8+ Kh7 27.Rd8 
N7f6 28.Be5 b5 29.Rb8 b4 30.Rb7 Rc7 31.Bxc7 Nxc7 32.Rxc7 Kg6 33.Rb7 Nd5 
34.Rb1 Nf4 35.Kh2 Nd5 36.R1xb4 Nxb4 37.Rxb4 Kf6 38.Kg3 g5 39.f4 gxf4+ 40.
Kxf4 Kg6 41.Rb5 Kf6 42.h4 Kg7 43.h5 Kf6 44.Rb1 Ke7 45.Ke4 Kf6 46.f4 1-0

[Event "Transcontinental D"]
[Site "Montreal"]
[Date "2016.12.10"]
[Round "3"]
[White "Hebert, Mario"]
[Black "Bergeron, Jean-Guy"]
[Result "1-0"]
[WhiteElo "1473"]
[BlackElo "1437"]
[EventDate "2016.12.09"]

1.c4 c5 2.Nc3 Nf6 3.g3 d5 4.cxd5 Nxd5 5.Bg2 Nc7 6.e3 e5 7.Nge2 Nc6 8.O-O 
Be7 9.f4 Bf6 10.Ne4 Be7 11.b3 O-O 12.Bb2 f6 13.Rc1 Nb4 14.Nxc5 Bxc5 15.
Rxc5 Nd3 16.Rc2 Nd5 17.a3 Nxb2 18.Rxb2 exf4 19.Nxf4 Nxf4 20.Rxf4 Re8 21.
Qc2 Qa5 22.Ra4 Qg5 23.Rb4 Bf5 24.Bd5+ Kh8 25.e4 Rac8 26.Rc4 Rxc4 27.bxc4 
Qg4 28.Rxb7 Qe2 29.Rb1 Bh3 30.e5 Qxe5 31.Qe4 h6 32.Qxe5 Rxe5 33.Kf2 Bf5 
34.Re1 g5 35.Rxe5 fxe5 36.Ke3 Kg7 37.d4 Kf6 38.c5 Bd7 39.c6 Bc8 40.Bc4 
exd4+ 41.Kxd4 Ke7 42.Kc5 h5 43.Be2 h4 44.gxh4 gxh4 45.Bb5 h3 1-0

[Event "Transcontinental D"]
[Site "Montreal"]
[Date "2016.12.11"]
[Round "4"]
[White "Bergeron, Jean-Guy"]
[Black "Poulin, Simon"]
[Result "1-0"]
[WhiteElo "1437"]
[BlackElo "1420"]
[EventDate "2016.12.09"]

1.c4 Nf6 2.g3 e6 3.Bg2 c6 4.e4 Bc5 5.d4 Bb4+ 6.Nc3 d5 7.cxd5 exd5 8.Bg5 
O-O 9.e5 Re8 10.Ne2 h6 11.Bd2 Ng4 12.h3 Bxc3 13.Bxc3 Nxe5 14.dxe5 Nd7 15.
f4 Nc5 16.Qd4 Ne6 17.Qd2 d4 18.Nxd4 Nxd4 19.Qxd4 Qxd4 20.Bxd4 Be6 21.O-O 
Rad8 22.Bxa7 Rd2 23.Rf2 Red8 24.Be3 Rd1+ 25.Rxd1 Rxd1+ 26.Kh2 Rd3 27.Bc1 
Bxa2 28.Rd2 Rxd2 29.Bxd2 Bd5 30.Bb4 Bxg2 31.Kxg2 Kh7 32.Kf3 Kg6 33.Ke4 f5+
34.exf6 gxf6 35.Bc5 h5 36.Be3 1-0

[Event "Transcontinental D"]
[Site "Montreal"]
[Date "2016.12.11"]
[Round "4"]
[White "Hebert, Mario"]
[Black "Laforest, Claude"]
[Result "1/2-1/2"]
[WhiteElo "1473"]
[BlackElo "1463"]
[EventDate "2016.12.09"]

1.c4 c5 2.Nf3 e6 3.d4 Ne7 4.d5 Nf5 5.e4 Ne7 6.Nc3 a6 7.Bf4 Ng6 8.Bg3 d6 9.
Be2 e5 10.O-O Be7 11.Ne1 Nd7 12.Nd3 Nf6 13.f4 exf4 14.Nxf4 Ne5 15.h3 b6 
16.b3 Qc7 17.Nd3 Nfd7 18.Nxe5 Nxe5 19.Bxe5 dxe5 20.Qd2 Qd6 21.Nd1 Bd7 22.
a4 a5 23.Nf2 O-O-O 24.Nd3 Rdf8 25.Nf2 Bh4 26.Bg4 f5 27.exf5 Bxf5 28.Bxf5+ 
Rxf5 29.Ne4 Rxf1+ 30.Rxf1 Qg6 31.Qe2 Be7 32.Qg4+ Qxg4 33.hxg4 Rf8 34.Rxf8+
Bxf8 35.Kf2 h6 36.g5 g6 37.gxh6 Bxh6 38.Kf3 Kd7 39.Nf6+ Kd6 40.Ke4 Bf8 41.
Kf3 Bh6 42.Ne4+ Ke7 43.Kg4 Kf7 44.Nd6+ Kf6 45.Nc8 e4 46.Nxb6 Ke5 47.Nc8 
Bf8 48.d6 Bxd6 49.Nxd6 Kxd6 50.Kf4 e3 51.Kxe3 Ke5 52.g3 Kf5 53.Kf3 g5 54.
g4+ Ke5 55.Ke3 Kd6 56.Ke4 Ke6 57.Kd3 Kd6 1/2-1/2

[Event "Transcontinental E"]
[Site "Montreal"]
[Date "2016.12.09"]
[Round "1"]
[White "Tesar, Mathias"]
[Black "Chira, Dan"]
[Result "0-1"]
[WhiteElo "1304"]
[BlackElo "1420"]
[EventDate "2016.12.09"]

1.d4 c5 2.c3 cxd4 3.cxd4 Nf6 4.Nf3 g6 5.Bg5 Bg7 6.Nbd2 O-O 7.e3 d6 8.h3 
Bd7 9.Bc4 d5 10.Bxf6 Bxf6 11.Bxd5 Nc6 12.O-O e5 13.dxe5 Nxe5 14.Ne4 Bg7 
15.Nxe5 Bxe5 16.Nc3 Rb8 17.Qf3 Qb6 18.Bb3 Bc6 19.Qg4 Rbd8 20.Qg5 Qc7 21.
Rfd1 Bg7 22.h4 h6 23.Qxg6 Kh8 24.Qh5 Rde8 25.Rab1 Re5 26.Qg4 Qa5 27.Qf4 
Rf5 28.Qd6 Rf6 29.Qd3 Qf5 30.Qxf5 Rxf5 31.Rd2 Bf6 32.Rbd1 Rg8 33.Bxf7 
Rxg2+ 34.Kf1 Rh2 35.Nd5 Bxh4 36.Nf4 Rxf7 37.Ng6+ Kg7 38.Nxh4 Rxh4 39.f4 
Bf3 40.Rc1 Rh1+ 41.Kf2 Rxc1 42.Kxf3 Re1 43.Kf2 Rh1 44.Kg2 Ra1 45.b3 Re7 
46.Kf3 Rc1 47.Re2 Rec7 48.Rd2 R1c2 49.Rxc2 Rxc2 0-1

[Event "Transcontinental E"]
[Site "Montreal"]
[Date "2016.12.10"]
[Round "2"]
[White "Choudari, Prabhas"]
[Black "Tesar, Mathias"]
[Result "1-0"]
[WhiteElo "1302"]
[BlackElo "1304"]
[EventDate "2016.12.09"]

1.e4 c5 2.Nf3 d6 3.d4 cxd4 4.Nxd4 Nf6 5.Nc3 a6 6.f3 e6 7.Be3 e5 8.Nb3 Be7 
9.Qd2 O-O 10.O-O-O Be6 11.Kb1 Nbd7 12.Qf2 Qc7 13.g4 b5 14.h4 Rfb8 15.h5 
Nb6 16.g5 Nfd7 17.Bh3 Na4 18.Nd5 Bxd5 19.exd5 Ndb6 20.g6 fxg6 21.hxg6 h6 
22.Be6+ Kf8 23.Bf7 Nc4 24.Rxh6 Bf6 25.Rh8+ Ke7 26.Rxb8 Rxb8 27.Bc1 Na3+ 
28.bxa3 Nc3+ 29.Ka1 Nxd1 30.Qd2 e4+ 31.Nd4 Nc3 32.Bb2 Bxd4 33.Qxd4 Rc8 34.
Qxg7 e3 35.Be6+ Kd8 36.Qf8# 1-0

[Event "Transcontinental E"]
[Site "Montreal"]
[Date "2016.12.10"]
[Round "2"]
[White "Chira, Dan"]
[Black "Miller, Glen"]
[Result "1-0"]
[WhiteElo "1420"]
[BlackElo "1343"]
[EventDate "2016.12.09"]

1.d4 f5 2.Nf3 g6 3.Nc3 Bg7 4.Bg5 h6 5.Bd2 Nf6 6.e3 d5 7.Ne5 g5 8.Ng6 Rg8 
9.Ne5 Nbd7 10.Bd3 Nxe5 11.dxe5 Ne4 12.Qh5+ Kf8 13.Bxe4 fxe4 14.f4 e6 15.
fxg5 Qxg5 16.Rf1+ 1-0

[Event "Transcontinental E"]
[Site "Montreal"]
[Date "2016.12.10"]
[Round "3"]
[White "Miller, Glen"]
[Black "Choudari, Prabhas"]
[Result "1-0"]
[WhiteElo "1343"]
[BlackElo "1302"]
[EventDate "2016.12.09"]

1.e4 c6 2.d4 d5 3.Nc3 dxe4 4.Nxe4 Bf5 5.Ng3 Bg6 6.Nf3 Nd7 7.Bc4 e6 8.O-O 
Ngf6 9.Ng5 h6 10.Nh3 Be7 11.Nf4 Bh7 12.Re1 Nd5 13.Ngh5 Rg8 14.Bxd5 cxd5 
15.Qe2 Nb6 16.a4 a5 17.Qb5+ Nd7 18.Qxb7 Qc8 19.Qb5 g6 20.Ng3 Kf8 21.Nxd5 
exd5 22.Bxh6+ Ke8 23.Rxe7+ Kxe7 24.Qxd5 Ra6 25.Bg5+ Nf6 26.Ne4 Rd8 27.Qe5+
Re6 28.Bxf6+ Ke8 29.Bxd8 Qxd8 30.Qh8+ Ke7 31.Qxd8+ Kxd8 32.Ng5 Re2 33.Nxh7
Rxc2 34.Ng5 Ke8 35.Re1+ Kf8 36.Rb1 Rc4 37.Rd1 Rxa4 38.f4 Rb4 39.Rd2 Ke7 
40.g3 f6 41.Ne4 a4 42.Nc3 Kd6 43.d5 a3 44.bxa3 Rb3 45.Ne4+ Kd7 46.Nxf6+ 
Ke7 47.d6+ Kd8 48.d7 Rxa3 49.Re2 Ra1+ 50.Kg2 1-0

[Event "Transcontinental E"]
[Site "Montreal"]
[Date "2016.12.10"]
[Round "3"]
[White "Tesar, Mathias"]
[Black "Gougeon, Patrick"]
[Result "1/2-1/2"]
[WhiteElo "1304"]
[BlackElo "1437"]
[EventDate "2016.12.09"]

1.d4 f5 2.Nf3 Nf6 3.Bg5 g6 4.Bxf6 exf6 5.e3 Bg7 6.Nbd2 O-O 7.Bd3 d5 8.O-O 
Re8 9.Re1 c6 10.c4 Be6 11.Qc2 Nd7 12.b3 Rc8 13.c5 Qc7 14.b4 Bf8 15.a3 b6 
16.Nb3 Be7 17.cxb6 axb6 18.Rec1 Nb8 19.Qc3 Bd7 20.Qb2 Bd6 21.Rc2 h5 22.
Rac1 g5 23.b5 Kf7 24.bxc6 Be6 25.g3 Rh8 26.Bf1 Rcg8 27.Bg2 Ke8 28.Nbd2 h4 
29.Rb1 hxg3 30.fxg3 Rg7 31.Qxb6 Rgh7 32.Qxc7 Bxc7 33.Nf1 Kd8 34.Rb7 Bc8 
35.Ra7 Bb6 36.Rxh7 Rxh7 37.N1d2 Be6 38.Nb3 Kc7 39.Nc5 Bg8 40.Na4 Nxc6 41.
Nxb6 Kxb6 42.Rb2+ Kc7 43.Rc2 Kd6 44.Rb2 Ra7 45.Ra2 Nb4 46.Rb2 Nc6 47.Bh3 
g4 48.Bg2 Rxa3 49.h3 Be6 50.Nh2 Ke7 51.hxg4 fxg4 52.Rc2 Kd6 53.Rf2 f5 54.
Rb2 Kc7 55.Rc2 Kd6 56.Rb2 Kc7 57.Rc2 1/2-1/2

[Event "Transcontinental E"]
[Site "Montreal"]
[Date "2016.12.11"]
[Round "4"]
[White "Gougeon, Patrick"]
[Black "Chira, Dan"]
[Result "0-1"]
[WhiteElo "1437"]
[BlackElo "1420"]
[EventDate "2016.12.09"]

1.f4 Nf6 2.Nf3 d6 3.e3 e5 4.fxe5 dxe5 5.Bb5+ c6 6.Bc4 Qe7 7.O-O Be6 8.Nxe5
Bxc4 9.Nxc4 Nbd7 10.d4 g6 11.e4 O-O-O 12.Bg5 h6 13.Bxf6 Nxf6 14.e5 Qe6 15.
Rxf6 Qxc4 16.Qg4+ Kc7 17.c3 Be7 18.Rf1 Bg5 19.Qf3 Rh7 20.b3 Qe6 21.Na3 a6 
22.Nc4 Be7 23.Rae1 Rf8 24.Qg3 h5 25.Rd1 h4 26.Qf3 Rh5 27.d5 cxd5 28.Qxd5 
Qc6 29.Qa5+ Kb8 30.Rd5 Ka7 31.Rfd1 Rg5 32.e6 Rxd5 33.Rxd5 fxe6 34.Rd1 Bc5+
35.Kh1 h3 36.Rg1 hxg2+ 0-1

[Event "Transcontinental E"]
[Site "Montreal"]
[Date "2016.12.11"]
[Round "4"]
[White "Tesar, Mathias"]
[Black "Miller, Glen"]
[Result "0-1"]
[WhiteElo "1304"]
[BlackElo "1343"]
[EventDate "2016.12.09"]

1.d4 d6 2.Nf3 g6 3.Bg5 Nf6 4.Nbd2 h6 5.Bh4 g5 6.Bg3 Nh5 7.e3 Nxg3 8.hxg3 
Bg7 9.Bd3 Bg4 10.c3 Nd7 11.Qc2 Bxf3 12.Nxf3 c6 13.Qb3 Qc7 14.O-O-O a5 15.
Rh2 a4 16.Qc2 c5 17.Rdh1 c4 18.Bg6 Rf8 19.Bh5 Nf6 20.e4 g4 21.Nd2 Ra5 22.
Rh4 a3 23.b3 cxb3 24.Nxb3 Nxe4 25.Nxa5 Nxc3 26.Kd2 Bxd4 27.Rxg4 Qxa5 28.
Rxd4 Nb5+ 29.Ke3 Nxd4 30.Kxd4 Qe5+ 31.Kd3 Kd7 32.Qa4+ b5 33.Qa7+ Ke6 34.
Qe3 Qxe3+ 35.Kxe3 Rc8 36.Rb1 Rc2 37.Rxb5 Rxa2 38.Ra5 Ra1 {...} 0-1

[Event "Transcontinental E"]
[Site "Montreal"]
[Date "2016.12.11"]
[Round "5"]
[White "Miller, Glen"]
[Black "Gougeon, Patrick"]
[Result "1-0"]
[WhiteElo "1343"]
[BlackElo "1437"]
[EventDate "2016.12.09"]

1.e4 d5 2.e5 c5 3.Nf3 Nc6 4.h3 d4 5.a4 Bf5 6.Bb5 e6 7.d3 Be7 8.g4 Bg6 9.h4
h5 10.g5 Bf5 11.Bxc6+ bxc6 12.Qe2 g6 13.Nbd2 Bg4 14.a5 Rb8 15.a6 Qd5 16.
Rg1 Bf8 17.Ne4 Bxf3 18.Qxf3 Qxe5 19.Bf4 Qf5 20.Nd6+ Bxd6 21.Qxc6+ Kf8 22.
Qxd6+ Kg7 23.Qxb8 c4 24.Qe5+ f6 25.Qxf5 gxf5 26.gxf6+ Kxf6 27.Ra5 Kf7 28.
dxc4 Ne7 29.Be5 Rd8 30.Rb5 Ra8 31.Rg7+ Kf8 32.Rxe7 Kxe7 33.Rb8 Rxb8 34.
Bxb8 Kd7 35.Bxa7 e5 36.Bb6 Kc8 37.c5 e4 38.c6 d3 39.a7 1-0

[Event "Transcontinental F"]
[Site "Montreal"]
[Date "2016.12.09"]
[Round "1"]
[White "Labadie, Bernard"]
[Black "Pietka, Krystyn"]
[Result "0-1"]
[WhiteElo "1247"]
[BlackElo "1234"]
[EventDate "2016.12.09"]

1.e4 c6 2.d4 d5 3.e5 Bf5 4.Nf3 e6 5.Nbd2 Nd7 6.c4 Bb4 7.a3 Qa5 8.Qb3 Bxd2+
9.Bxd2 Qb6 10.Qc3 Ne7 11.Nh4 h6 12.c5 Qc7 13.Qg3 g5 14.Nf3 f6 15.Bc3 Ng6 
16.Nd2 fxe5 17.dxe5 Nxc5 18.Be2 Nf4 19.Bg4 Bxg4 20.Qxg4 Nfd3+ 21.Kf1 O-O 
22.Bd4 Rf4 23.Qh5 Rxd4 24.Qg6+ Qg7 0-1

[Event "Transcontinental F"]
[Site "Montreal"]
[Date "2016.12.09"]
[Round "1"]
[White "Lauzon, Francois"]
[Black "Denis, Alain"]
[Result "1-0"]
[WhiteElo "1200"]
[BlackElo "1179"]
[EventDate "2016.12.09"]

1.Nf3 c5 2.g3 Nf6 3.Bg2 e6 4.c4 Nc6 5.Nc3 Be7 6.e4 d5 7.cxd5 exd5 8.e5 Ng4
9.d4 c4 10.O-O Be6 11.h4 Qd7 12.Bg5 f6 13.exf6 Nxf6 14.Re1 Bg4 15.Qd2 Be6 
16.Re2 h6 17.Bf4 Nh5 18.Ne5 Nxe5 19.Bxe5 O-O-O 20.Rae1 Bb4 21.Bf3 Bxc3 22.
Qxc3 Bg4 23.Qa3 a6 24.Qc5+ 1-0